Statistiques concernant Littérature commençant par la lettre D

Cliquez ici pour prendre le quiz!

Statistiques générales

  • Ce quiz a été pris 581 fois
  • Le résultat moyen est 13 sur 20

Statistiques - réponses

IndicesRéponses% Correct
Inventeur de l'encyclopédie, avec d'AlembertDenis Diderot
92%
On lui doit Les Trois Mousquetaires et le Comte de Monte-CristoAlexandre Dumas
91%
Policiers belges très maladroits, se ressemblant comme deux gouttes d'eau mais n'ayant aucun lien de parentéDupont et Dupond
88%
Dieu grec plus souvent ivre que lucideDionysos
87%
Noble d'Europe de l'Est assoiffé d'une boisson rouge qui n'est pas du vinDracula
81%
Ami maladroit, amusant et un peu dans la lune de Mickey MouseDingo
81%
Auteur de la Divine Comédie, considérée comme la plus grande œuvre littéraire italienneDante
80%
Entre son pingre d'oncle et ses neveux castors juniors, il ne sait plus où donner de la têteDonald Duck
79%
Il perdit son fils qui se brûla les ailes pour s'échapper de son propre labyrintheDédale
77%
Romancier anglais, auteur de Oliver TwistCharles Dickens
74%
Ce monsieur devait avoir des problèmes de vue: il prenait les moulins pour des géantsDon Quichotte
73%
Un des plus célèbres romans d'Agatha Christie, il ne met pourtant en en scène ni Poirot ni MarpleDix petits nègres
72%
Éternel séducteur, un feu invisible le consume et le tue pour le punirDom Juan
70%
Un des si ce n'est le plus grand auteur pour enfant, il a créé Charlie, James, Matilda, Georges,...Roal Dahl
67%
Il est connu pour ses lettresAlphonse Daudet
51%
Philosophe grec, il vivait apparemment dans un tonneauDiogène
50%
Hadès lui enleva sa fille pour l'épouser, ce qui créa le cycle des saisonsDémeter
50%
Ce n'est pas Michel Tournier mais bien lui qui est à l'origine de Robinson CrusoéDaniel Defoe
48%
Poète surréaliste, il participa à la Résistance et mourut du typhus dans un camp de concentrationRober Desnos
17%
Auteure du Voile Noir, ses parents moururent d'une intoxication au monoxyde de carboneAnny Duperey
12%

Distribution des résultats

Percentile par nombre de réponses

% des personnes avec chaque résultat

Votre développement - résultats

Vous n’avez pas pris ce quiz